[Event "FIDE World Blitz-ch Women 2018"]
[Site "St. Petersburg"]
[Date "2018.12.29"]
[Round "3.4"]
[White "Zhao, Xue"]
[Black "Cramling, Pia"]
[Result "1/2-1/2"]
[WhiteElo "2485"]
[BlackElo "2465"]
[Annotator "ChessBase"]
[PlyCount "197"]
[EventDate "2018.12.19"]
[EventType "swiss"]
[EventCountry "RUS"]
[SourceTitle "playchess.com"]
[Source "ChessBase"]
[SourceQuality "1"]

1. c4 c5 2. Nc3 g6 3. Nf3 Bg7 4. e3 Nf6 5. d4 cxd4 6. exd4 d5 7. cxd5 Nxd5 8. Qb3 Nxc3 9. bxc3 O-O 10. Be2 Nc6 11. O-O Na5 12. Qa3 Be6 13. Bg5 Re8 14. Bb5 Nc6 15. Rfd1 a6 16. Be2 Qa5 17. Qb2 Bd5 18. Be3 e5 19. a4 exd4 20. Nxd4 Nxd4 21. cxd4 Rac8 22. Rab1 Qxa4 23. Bd3 h5 24. h3 Qc6 25. Rbc1 Qe6 26. Rb1 Bc6 27. Bf1 Be4 28. Ra1 Rc2 29. Qb4 Bd5 30. Rab1 Rec8 31. Qa4 Qe8 32. Qb4 Qd7 33. Qa5 Qe6 34. Rb6 R2c6 35. Rxb7 Bc4 36. Bxc4 Rxc4 37. Rb6 Qe4 38. Qxa6 Rc2 39. Qd3 Qd5 40. Rb5 Qd7 41. Rbb1 R2c4 42. d5 Rc3 43. Qe4 R3c4 44. Qd3 Rc3 45. Qb5 Qd6 46. Qb6 Qd7 47. d6 R3c6 48. Qb4 Be5 49. Qb7 Rd8 50. Bg5 Qxb7 51. Rxb7 f6 52. Be3 Rcxd6 53. Rxd6 Rxd6 54. Kf1 Rc6 55. Ke2 Rc7 56. Rb6 Kf7 57. f4 Bc3 58. Kf3 Rd7 59. Rb3 Bd2 60. Bf2 Ba5 61. Rb5 Bc7 62. Rb7 Ke6 63. Ra7 Bd6 64. Ra6 Kf7 65. Bd4 Be7 66. Bc3 Rc7 67. Bd4 Rd7 68. Ke3 Rb7 69. Ra2 Rb3+ 70. Ke4 Rb4 71. Kd5 Rb1 72. Re2 Rd1 73. Kc4 Rf1 74. Be3 Bd6 75. g3 Rf3 76. Bf2 h4 77. gxh4 Rxf4+ 78. Kd5 Be7 79. Be1 Rf3 80. Rh2 Rd3+ 81. Kc4 Rd1 82. Bc3 Rf1 83. Bd4 Rf4 84. h5 gxh5 85. Kd3 Kg6 86. Rg2+ Kf5 87. Ke3 Rf1 88. Ke2 Rb1 89. Rf2+ Ke6 90. Kf3 Rb3+ 91. Kg2 Bd8 92. Re2+ Kf7 93. Rf2 Be7 94. Rf3 Rxf3 95. Kxf3 Kg6 96. Ke4 Bd6 97. Bf2 Be5 98. Bh4 Bc3 99. Bxf6 1/2-1/2

[Event "FIDE World Blitz-ch Women 2018"]
[Site "St. Petersburg"]
[Date "2018.12.29"]
[Round "3.5"]
[White "Strutinskaia, Galina"]
[Black "Koneru, Humpy"]
[Result "0-1"]
[WhiteElo "2201"]
[BlackElo "2541"]
[Annotator "ChessBase"]
[PlyCount "46"]
[EventDate "2018.12.19"]
[EventType "swiss"]
[EventCountry "RUS"]
[SourceTitle "playchess.com"]
[Source "ChessBase"]
[SourceQuality "1"]

1. d4 Nf6 2. c4 e6 3. Nc3 Bb4 4. f3 d5 5. a3 Bxc3+ 6. bxc3 O-O 7. e3 b6 8. cxd5 exd5 9. Ra2 Re8 10. Bd3 Ba6 11. Ne2 Bxd3 12. Qxd3 c5 13. O-O Nc6 14. Qf5 Rc8 15. Rd1 Qe7 16. a4 cxd4 17. cxd4 Nb4 18. Rb2 a5 19. g4 Qe6 20. Qxe6 Rxe6 21. Bd2 Rc4 22. g5 Nh5 23. Kf2 Nd3+ 0-1

[Event "FIDE World Blitz-ch Women 2018"]
[Site "St. Petersburg"]
[Date "2018.12.29"]
[Round "3.6"]
[White "Stefanova, Antoaneta"]
[Black "Bodnaruk, Anastasia"]
[Result "0-1"]
[WhiteElo "2486"]
[BlackElo "2420"]
[Annotator "ChessBase"]
[PlyCount "116"]
[EventDate "2018.12.19"]
[EventType "swiss"]
[EventCountry "RUS"]
[SourceTitle "playchess.com"]
[Source "ChessBase"]
[SourceQuality "1"]

1. d4 Nf6 2. Nf3 g6 3. g3 Bg7 4. Bg2 O-O 5. O-O d5 6. Be3 Ne4 7. Nbd2 c5 8. c3 cxd4 9. Bxd4 Nxd2 10. Qxd2 f6 11. Rad1 Be6 12. Bc5 Qc7 13. Ba3 Bf7 14. Ne1 Rd8 15. e4 e6 16. exd5 exd5 17. Nc2 Nc6 18. Rfe1 f5 19. Nd4 Nxd4 20. cxd4 Rd7 21. Rc1 Qb6 22. Rc5 Bf8 23. Rc3 Bg7 24. Bc5 Qd8 25. Rce3 b6 26. Ba3 Qf6 27. Re5 Rc8 28. Bf1 Qc6 29. R5e2 Qa4 30. Rd1 Rdc7 31. Qb4 Qxd1 32. Re1 Qh5 33. Ba6 Rd8 34. Re7 Rxe7 35. Qxe7 Rf8 36. Qxa7 Re8 37. Qxb6 Qd1+ 38. Kg2 Qxd4 39. Qc6 f4 40. gxf4 Qxf4 41. Bd6 Qg4+ 42. Bg3 Qe4+ 43. Kg1 d4 44. Qxe4 Rxe4 45. a4 Re1+ 46. Kg2 Bd5+ 47. Kh3 Be4 48. Bc4+ Kf8 49. f3 Bf5+ 50. Kg2 Rc1 51. b3 d3 52. Bf4 Rc2+ 53. Kf1 Bd4 54. Ke1 Bc3+ 55. Kf1 d2 56. Ke2 Rc1 57. Bxd2 Rc2 58. Ke3 Rxd2 0-1

[Event "FIDE World Blitz-ch Women 2018"]
[Site "St. Petersburg"]
[Date "2018.12.29"]
[Round "3.7"]
[White "Voit, Daria"]
[Black "Tan, Zhongyi"]
[Result "1/2-1/2"]
[WhiteElo "2358"]
[BlackElo "2508"]
[Annotator "ChessBase"]
[PlyCount "55"]
[EventDate "2018.12.19"]
[EventType "swiss"]
[EventCountry "RUS"]
[SourceTitle "playchess.com"]
[Source "ChessBase"]
[SourceQuality "1"]

1. Nf3 d5 2. c4 e6 3. g3 Nf6 4. Bg2 d4 5. O-O c5 6. d3 Nc6 7. e3 Bd6 8. exd4 cxd4 9. Bg5 h6 10. Bxf6 Qxf6 11. Nbd2 Qe7 12. Re1 O-O 13. a3 a5 14. Nb3 Qf6 15. c5 Bc7 16. Rc1 e5 17. Nfd2 a4 18. Ne4 Qd8 19. Nbd2 Be6 20. Nc4 f6 21. Ned6 Bxd6 22. Nxd6 Qd7 23. f4 Ra7 24. Qf3 Bg4 25. Qd5+ Be6 26. Qf3 Bg4 27. Qd5+ Be6 28. Qf3 1/2-1/2

[Event "FIDE World Blitz-ch Women 2018"]
[Site "St. Petersburg"]
[Date "2018.12.29"]
[Round "3.8"]
[White "Harika, Dronavalli"]
[Black "Arabidze, Meri"]
[Result "1-0"]
[WhiteElo "2494"]
[BlackElo "2387"]
[Annotator "ChessBase"]
[PlyCount "77"]
[EventDate "2018.12.19"]
[EventType "swiss"]
[EventCountry "RUS"]
[SourceTitle "playchess.com"]
[Source "ChessBase"]
[SourceQuality "1"]

1. d3 d5 2. g3 Nf6 3. Bg2 e6 4. Nf3 Be7 5. O-O c5 6. Nbd2 O-O 7. e4 Nc6 8. c3 b5 9. Re1 a5 10. Nf1 a4 11. e5 Ne8 12. h4 Nc7 13. h5 h6 14. N1h2 f5 15. exf6 Bxf6 16. Ng4 Bd7 17. d4 cxd4 18. cxd4 Be8 19. Nfe5 Nxe5 20. Nxe5 b4 21. Bf4 Nb5 22. Bh3 Ra6 23. Rc1 Bg5 24. Bxg5 Qxg5 25. Ng6 Bxg6 26. hxg6 Qxg6 27. Qe2 Rb6 28. Qe5 Qf6 29. Bxe6+ Kh8 30. Bxd5 Qxf2+ 31. Kh1 Nxd4 32. Rf1 Qxf1+ 33. Rxf1 Rxf1+ 34. Kg2 Rd1 35. Qe8+ Kh7 36. Be4+ g6 37. Qe7+ Kh8 38. Qd8+ Kg7 39. Qxb6 1-0

[Event "FIDE World Blitz-ch Women 2018"]
[Site "St. Petersburg"]
[Date "2018.12.29"]
[Round "3.10"]
[White "Mammadova, Gulnar"]
[Black "Lei, Tingjie"]
[Result "1-0"]
[WhiteElo "2368"]
[BlackElo "2453"]
[Annotator "ChessBase"]
[PlyCount "65"]
[EventDate "2018.12.19"]
[EventType "swiss"]
[EventCountry "RUS"]
[SourceTitle "playchess.com"]
[Source "ChessBase"]
[SourceQuality "1"]

1. e4 e5 2. Nf3 Nc6 3. Bc4 Bc5 4. O-O Nf6 5. d3 O-O 6. a4 a5 7. c3 d6 8. Bg5 h6 9. Bh4 g5 10. Bg3 Kg7 11. Nbd2 Bg4 12. Qb3 Rb8 13. Kh1 Nh5 14. h3 Bd7 15. Rad1 g4 16. Bh4 Qe8 17. d4 Ba7 18. hxg4 Bxg4 19. Bb5 f5 20. dxe5 fxe4 21. Nxe4 Rxf3 22. gxf3 Bxf3+ 23. Kh2 Qxe5+ 24. Ng3 Bxd1 25. Qxd1 Nf4 26. Qg4+ Kh8 27. Re1 Rg8 28. Rxe5 Rxg4 29. Bf6+ Kh7 30. Re4 Bxf2 31. Ne2 Be1 32. Rxf4 Rg8 33. Bd3+ 1-0

[Event "FIDE World Blitz-ch Women 2018"]
[Site "St. Petersburg"]
[Date "2018.12.29"]
[Round "3.11"]
[White "Ushenina, Anna"]
[Black "Arutyunova, Diana"]
[Result "1-0"]
[WhiteElo "2440"]
[BlackElo "2227"]
[Annotator "NA"]
[PlyCount "125"]
[EventDate "2018.12.19"]
[EventType "swiss"]
[EventCountry "RUS"]
[SourceTitle "playchess.com"]
[Source "ChessBase"]
[SourceQuality "1"]

1. d4 e6 2. Nf3 f5 3. Bf4 Nf6 4. e3 Be7 5. h3 O-O 6. Be2 d6 7. c4 Ne4 8. Nfd2 Nxd2 9. Qxd2 Bf6 10. Nc3 e5 11. dxe5 dxe5 12. Qxd8 Rxd8 13. Bh2 Be6 14. Nd5 Bxd5 15. cxd5 c6 16. dxc6 Nxc6 17. f3 Nb4 18. Bc4+ Kf8 19. Ke2 Rac8 20. Rac1 Rd6 21. Bb3 Rcd8 22. Rhd1 Rxd1 23. Bxd1 Nc6 24. Ba4 Rd6 25. g4 f4 26. exf4 exf4 27. Bxf4 Rd4 28. Bxc6 Rxf4 29. Be4 Bxb2 30. Rc8+ Ke7 31. Rc7+ Kd6 32. Rxb7 Bd4 33. Bxh7 Rf8 34. Be4 Rh8 35. Kd3 Bb6 36. Rxg7 Rxh3 37. g5 Ke6 38. g6 Rh8 39. a4 Rd8+ 40. Kc4 Rc8+ 41. Kb4 Bc5+ 42. Kb5 Bd4 43. Rf7 Rc5+ 44. Ka6 Rc4 45. a5 Ra4 46. Bc6 Ra3 47. Kb5 Bc3 48. a6 Bd4 49. Bb7 Bb6 50. Rf8 Ra5+ 51. Kc4 Rg5 52. Be4 Ke7 53. Ra8 Kf6 54. Rb8 Ra5 55. Bb7 Kxg6 56. Kb4 Re5 57. Be4+ Kf6 58. Rxb6+ axb6 59. a7 Ra5 60. a8=Q Rxa8 61. Bxa8 Ke5 62. Kb5 Kf4 63. Kxb6 1-0

[Event "FIDE World Blitz-ch Women 2018"]
[Site "St. Petersburg"]
[Date "2018.12.29"]
[Round "3.12"]
[White "Buksa, Nataliya"]
[Black "Drozdova, Dina"]
[Result "0-1"]
[WhiteElo "2410"]
[BlackElo "2178"]
[Annotator "NA"]
[PlyCount "86"]
[EventDate "2018.12.19"]
[EventType "swiss"]
[EventCountry "RUS"]
[SourceTitle "playchess.com"]
[Source "ChessBase"]
[SourceQuality "1"]

1. d4 Nf6 2. Nc3 d5 3. Bf4 c6 4. e3 Bf5 5. f3 e6 6. g4 Bg6 7. h4 h5 8. g5 Ng8 9. Bd3 Ne7 10. Nge2 Bxd3 11. Qxd3 Ng6 12. Bg3 Bd6 13. O-O-O Na6 14. e4 Bxg3 15. Nxg3 Qa5 16. a3 Nc7 17. e5 Ne7 18. f4 g6 19. Qd2 b5 20. Kb1 Qb6 21. Qe3 a5 22. Kc1 b4 23. Na4 Qb5 24. b3 Na6 25. axb4 axb4 26. Kd2 O-O 27. Qe2 Nc7 28. Qf3 Na6 29. Qd3 Nc7 30. Nc5 Ra2 31. Ra1 Rfa8 32. Na4 Rxa1 33. Rxa1 Kg7 34. Rc1 Rc8 35. Ke3 Na6 36. Qxb5 cxb5 37. Kd3 bxa4 38. bxa4 Rc3+ 39. Kd2 Rxg3 40. c4 bxc3+ 41. Kc2 Nc6 42. Rb1 Ncb4+ 43. Kb3 c2+ 0-1

[Event "FIDE World Blitz-ch Women 2018"]
[Site "St. Petersburg"]
[Date "2018.12.29"]
[Round "3.13"]
[White "Protopopova, Anastasiya"]
[Black "Galliamova, Alisa"]
[Result "1/2-1/2"]
[WhiteElo "2304"]
[BlackElo "2444"]
[Annotator "NA"]
[PlyCount "117"]
[EventDate "2018.12.19"]
[EventType "swiss"]
[EventCountry "RUS"]
[SourceTitle "playchess.com"]
[Source "ChessBase"]
[SourceQuality "1"]

1. d4 Nf6 2. c4 b6 3. Nc3 Bb7 4. Qc2 e6 5. e4 d6 6. g3 Nc6 7. Qd1 e5 8. d5 Nd4 9. Bg2 c5 10. dxc6 Bxc6 11. Nge2 Ne6 12. O-O Nc5 13. Qc2 a5 14. Rd1 Be7 15. b3 O-O 16. h3 h6 17. Be3 Qc7 18. Nd5 Nxd5 19. cxd5 Bd7 20. a3 Qc8 21. Rac1 Bxh3 22. Qb1 Bxg2 23. Kxg2 Qg4 24. f3 Qg6 25. b4 Nd7 26. Rc7 Rad8 27. bxa5 f5 28. axb6 f4 29. Bf2 fxg3 30. Bxg3 Bh4 31. Rh1 Bxg3 32. Nxg3 Nc5 33. Rh3 Rb8 34. Rc6 Qf6 35. Qf1 Nb3 36. Nf5 Nd4 37. Nxd4 exd4 38. Rg3 Rf7 39. a4 Ra8 40. Qc4 d3 41. Qxd3 Rxa4 42. Rc2 Rb4 43. Qc3 Qxc3 44. Rxc3 Rb2+ 45. Kh3 Rxb6 46. Rc8+ Kh7 47. Rd8 Ra6 48. Kg4 Rf6 49. Rh3 Rg6+ 50. Kf4 Ra3 51. Rd7 Rf6+ 52. Kg4 Ra1 53. Rg3 Rf1 54. Kh3 R1xf3 55. Rdxg7+ Kh8 56. Rg8+ Kh7 57. R8g7+ Kh8 58. Rg8+ Kh7 59. R8g6 1/2-1/2

[Event "FIDE World Blitz-ch Women 2018"]
[Site "St. Petersburg"]
[Date "2018.12.29"]
[Round "3.14"]
[White "Muzychuk, Anna"]
[Black "Girya, Olga"]
[Result "1/2-1/2"]
[WhiteElo "2569"]
[BlackElo "2454"]
[Annotator "ChessBase"]
[PlyCount "116"]
[EventDate "2018.12.19"]
[EventType "swiss"]
[EventCountry "RUS"]
[SourceTitle "playchess.com"]
[Source "ChessBase"]
[SourceQuality "1"]

1. e4 c6 2. d4 d5 3. Nc3 dxe4 4. Nxe4 Bf5 5. Ng3 Bg6 6. Nf3 e6 7. Bd3 Bxd3 8. Qxd3 Nf6 9. O-O Be7 10. c4 O-O 11. Bf4 c5 12. Rfd1 cxd4 13. Nxd4 Nc6 14. Nb5 Qxd3 15. Rxd3 Rfd8 16. Rad1 a6 17. Rxd8+ Rxd8 18. Rxd8+ Nxd8 19. Nc3 Nc6 20. Kf1 Kf8 21. Ke2 Ke8 22. a3 a5 23. f3 Kd7 24. Na4 e5 25. Be3 Ke6 26. Kd3 Nd7 27. Ne4 f5 28. Nec3 e4+ 29. fxe4 Nde5+ 30. Ke2 Nxc4 31. Bc5 fxe4 32. Nxe4 b5 33. Nac3 Nxb2 34. Nxb5 Bxc5 35. Nxc5+ Kd5 36. Nd3 Nxd3 37. Kxd3 Ne5+ 38. Kc3 Ng4 39. h3 Ne3 40. g4 Ng2 41. Nc7+ Ke5 42. Kc4 Nf4 43. h4 Ng2 44. Kb5 Nxh4 45. Kxa5 g6 46. a4 h5 47. gxh5 gxh5 48. Kb6 Nf5 49. a5 h4 50. a6 Nd6 51. Nb5 Nc8+ 52. Kb7 h3 53. Kxc8 h2 54. a7 h1=Q 55. Nc7 Qh8+ 56. Kb7 Kd6 57. a8=Q Qxa8+ 58. Nxa8 Ke5 1/2-1/2

[Event "FIDE World Blitz-ch Women 2018"]
[Site "St. Petersburg"]
[Date "2018.12.29"]
[Round "3.15"]
[White "Tsolakidou, Stavroula"]
[Black "Gunina, Valentina"]
[Result "0-1"]
[WhiteElo "2387"]
[BlackElo "2496"]
[Annotator "ChessBase"]
[PlyCount "50"]
[EventDate "2018.12.19"]
[EventType "swiss"]
[EventCountry "RUS"]
[SourceTitle "playchess.com"]
[Source "ChessBase"]
[SourceQuality "1"]

1. d4 Nf6 2. Nf3 e6 3. c4 b6 4. g3 Bb7 5. Bg2 Bb4+ 6. Bd2 Be7 7. O-O O-O 8. Re1 d5 9. cxd5 exd5 10. Nc3 Nbd7 11. Bf4 Ne4 12. Rc1 c5 13. dxc5 Ndxc5 14. Nd4 Bf6 15. Ncb5 a6 16. Bc7 Qe7 17. Bxb6 axb5 18. Bxe4 Nxe4 19. Rc7 Qb4 20. Rxb7 Rxa2 21. f3 Nd6 22. Rd7 Nc4 23. Nc6 Qxb2 24. Qxd5 Nxb6 25. Qd3 Nxd7 0-1

[Event "FIDE World Blitz-ch Women 2018"]
[Site "St. Petersburg"]
[Date "2018.12.29"]
[Round "3.16"]
[White "Ambartsumova, Karina"]
[Black "Mamedjarova, Turkan"]
[Result "0-1"]
[WhiteElo "2383"]
[BlackElo "2295"]
[Annotator "NA"]
[PlyCount "137"]
[EventDate "2018.12.19"]
[EventType "swiss"]
[EventCountry "RUS"]
[SourceTitle "playchess.com"]
[Source "ChessBase"]
[SourceQuality "1"]

1. c4 e6 2. Nc3 d5 3. d4 Nf6 4. cxd5 exd5 5. Bg5 Be7 6. e3 c6 7. Bd3 Nbd7 8. h3 O-O 9. Qc2 Re8 10. Nf3 Nf8 11. O-O Ne4 12. Bf4 f5 13. Ne5 Bd6 14. f3 Nxc3 15. bxc3 Qf6 16. Rab1 c5 17. Rbe1 c4 18. Be2 Ng6 19. Nxg6 Qxg6 20. Bd1 Bd7 21. Qb1 b6 22. Bc2 Rf8 23. Re2 Rae8 24. Rfe1 Re7 25. Qc1 Rfe8 26. Qd2 h6 27. Bxd6 Qxd6 28. e4 fxe4 29. fxe4 dxe4 30. Rxe4 Rxe4 31. Bxe4 Kh8 32. Bc2 Rf8 33. Qe3 Bc6 34. Qe5 Qd7 35. Rf1 Re8 36. Qf4 Qd5 37. Qf8+ Rxf8 38. Rxf8+ Qg8 39. Rxg8+ Kxg8 40. Kf2 Kf7 41. g3 Kf6 42. Ke3 Bg2 43. h4 Ke6 44. Kf4 Bf1 45. Bh7 Kd6 46. Bg8 b5 47. a3 a5 48. g4 b4 49. axb4 axb4 50. cxb4 c3 51. Ke3 Kc6 52. d5+ Kb5 53. g5 hxg5 54. hxg5 Kxb4 55. d6 Bh3 56. Bf7 Ka3 57. Bg6 Kb2 58. Kd4 c2 59. Bxc2 Kxc2 60. Kc5 Kd3 61. Kc6 Ke4 62. g6 Be6 63. d7 Bxd7+ 64. Kxd7 Kf5 65. Kd6 Kxg6 66. Ke5 Kg5 67. Ke4 Kg4 68. Ke3 Kg3 69. Kd4 0-1

[Event "FIDE World Blitz-ch Women 2018"]
[Site "St. Petersburg"]
[Date "2018.12.29"]
[Round "3.17"]
[White "Sirotkina, Nina"]
[Black "Guichard, Pauline"]
[Result "0-1"]
[WhiteElo "2188"]
[BlackElo "2378"]
[Annotator "NA"]
[PlyCount "136"]
[EventDate "2018.12.19"]
[EventType "swiss"]
[EventCountry "RUS"]
[SourceTitle "playchess.com"]
[Source "ChessBase"]
[SourceQuality "1"]

1. d4 Nf6 2. Bf4 g6 3. e3 Bg7 4. Nf3 O-O 5. h3 c5 6. c3 b6 7. Be2 Bb7 8. O-O d5 9. Nbd2 Nc6 10. Ne5 Nd7 11. Nxd7 Qxd7 12. Nf3 Rfe8 13. Ne5 Nxe5 14. Bxe5 Bxe5 15. dxe5 Qf5 16. f4 Rad8 17. Bf3 h5 18. Qb1 Qe6 19. Qc2 Rd7 20. Rad1 Red8 21. Rf2 Bc6 22. Rfd2 b5 23. Kh2 a5 24. a3 Kg7 25. b4 axb4 26. axb4 c4 27. Ra1 Bb7 28. Rdd1 Qb6 29. Qd2 Ra8 30. Qd4 Qxd4 31. exd4 Rdd8 32. Rdb1 e6 33. Ra5 Rxa5 34. bxa5 Ba6 35. Kg1 Kf8 36. Kf2 Ke7 37. Ke3 Kd7 38. g4 hxg4 39. hxg4 Rh8 40. Rh1 Rxh1 41. Bxh1 Kc6 42. f5 g5 43. Kd2 Bc8 44. fxe6 Bxe6 45. Bf3 Kb7 46. Kc1 Ka6 47. Kb2 Kxa5 48. Ka3 b4+ 49. cxb4+ Kb5 50. Be2 Bd7 51. Bf3 Bc6 52. Be2 Bb7 53. Bf3 Bc6 54. Be2 Kb6 55. Kb2 Ba4 56. Bf3 Kc6 57. Kc3 Bb3 58. b5+ Kxb5 59. Bxd5 Bd1 60. Bxf7 Bxg4 61. Bxc4+ Kc6 62. d5+ Kd7 63. Kd4 Bf5 64. Bb5+ Kd8 65. e6 g4 66. Ke5 g3 67. Bf1 Bxe6 68. dxe6 g2 0-1

[Event "FIDE World Blitz-ch Women 2018"]
[Site "St. Petersburg"]
[Date "2018.12.29"]
[Round "3.18"]
[White "Michna, Marta"]
[Black "Solozhenkina, Elizaveta"]
[Result "1-0"]
[WhiteElo "2333"]
[BlackElo "2258"]
[Annotator "NA"]
[PlyCount "55"]
[EventDate "2018.12.19"]
[EventType "swiss"]
[EventCountry "RUS"]
[SourceTitle "playchess.com"]
[Source "ChessBase"]
[SourceQuality "1"]

1. Nf3 Nf6 2. g3 d5 3. Bg2 g6 4. O-O Bg7 5. d3 O-O 6. Nbd2 c5 7. e4 e6 8. Re1 Nc6 9. c3 a5 10. a4 b6 11. Qc2 Ba6 12. exd5 exd5 13. Nb1 Qd7 14. Na3 Rfe8 15. Bf4 Nh5 16. Bd2 Qf5 17. Nb5 Bxb5 18. axb5 Na7 19. c4 dxc4 20. Qxc4 Rad8 21. g4 Rxe1+ 22. Rxe1 Qxd3 23. Re8+ Bf8 24. Qxd3 Rxd3 25. gxh5 Kg7 26. h6+ Kg8 27. Bc3 Rd1+ 28. Bf1 1-0

[Event "FIDE World Blitz-ch Women 2018"]
[Site "St. Petersburg"]
[Date "2018.12.29"]
[Round "3.19"]
[White "Sukhareva, Evgeniya"]
[Black "Goryachkina, Aleksandra"]
[Result "0-1"]
[WhiteElo "2126"]
[BlackElo "2518"]
[Annotator "ChessBase"]
[PlyCount "144"]
[EventDate "2018.12.19"]
[EventType "swiss"]
[EventCountry "RUS"]
[SourceTitle "playchess.com"]
[Source "ChessBase"]
[SourceQuality "1"]

1. d4 d5 2. Nf3 Nf6 3. c4 e6 4. Nc3 c6 5. Bg5 Nbd7 6. e3 h6 7. Bh4 Be7 8. Qc2 O-O 9. Rd1 b6 10. Bd3 Bb7 11. O-O Rc8 12. cxd5 cxd5 13. Qe2 Nb8 14. Rc1 Nc6 15. Rfd1 Nb4 16. Bb1 Ba6 17. Qe1 Nc6 18. h3 g6 19. Bg3 Nd7 20. Qd2 Na5 21. e4 dxe4 22. Nxe4 Rxc1 23. Rxc1 Kh7 24. Bf4 Nc4 25. Qe2 b5 26. b3 Ncb6 27. Qd2 h5 28. Bh6 Re8 29. Be3 Nd5 30. Bg5 N7b6 31. Nc5 Bc8 32. Re1 Kg8 33. Bxe7 Nxe7 34. Ne5 Nbd5 35. Qh6 Nf5 36. Qd2 Nde7 37. Rd1 Kg7 38. Qf4 Nd5 39. Qd2 b4 40. g4 hxg4 41. hxg4 Nd6 42. Kg2 Rh8 43. Rh1 Rxh1 44. Kxh1 Qh4+ 45. Kg2 Qf6 46. Kg3 g5 47. Qc2 Qh6 48. Kg2 Nf4+ 49. Kg1 Qh3 50. f3 Nb5 51. Ne4 Nxd4 52. Qd2 Nxf3+ 53. Nxf3 Qxf3 54. Qd4+ Kf8 55. Qd8+ Kg7 56. Qxg5+ Ng6 57. Qf6+ Qxf6 58. Nxf6 Kxf6 59. Kf2 Ne5 60. Kg3 Bb7 61. Kf4 Ng6+ 62. Ke3 Bd5 63. Bd3 Ne5 64. Be2 Kg5 65. Kd4 Nxg4 66. Kc5 Ne3 67. Kxb4 f5 68. Kc3 f4 69. Kd2 Nf5 70. b4 Nd4 71. a4 Nxe2 72. Kxe2 e5 0-1

[Event "FIDE World Blitz-ch Women 2018"]
[Site "St. Petersburg"]
[Date "2018.12.29"]
[Round "3.20"]
[White "Tsatsalashvili, Keti"]
[Black "Skripchenko, Almira"]
[Result "1-0"]
[WhiteElo "2303"]
[BlackElo "2408"]
[Annotator "NA"]
[PlyCount "127"]
[EventDate "2018.12.19"]
[EventType "swiss"]
[EventCountry "RUS"]
[SourceTitle "playchess.com"]
[Source "ChessBase"]
[SourceQuality "1"]

1. d4 d6 2. Nf3 g6 3. c4 Bg7 4. Nc3 Nd7 5. e4 e5 6. Be2 Ngf6 7. O-O O-O 8. Be3 Ng4 9. Bg5 f6 10. Bh4 Nh6 11. d5 g5 12. Bg3 f5 13. exf5 Nxf5 14. Ne4 h6 15. Rc1 b6 16. h3 a5 17. Nh2 Nd4 18. Bg4 Nc5 19. Nxc5 bxc5 20. Bxc8 Qxc8 21. f3 Qf5 22. Be1 a4 23. Bc3 e4 24. fxe4 Qxe4 25. Kh1 Rxf1+ 26. Qxf1 Ne2 27. Re1 Ng3+ 28. Kg1 Bd4+ 29. Bxd4 Qxd4+ 30. Qf2 Rb8 31. Nf3 Qxf2+ 32. Kxf2 Nf5 33. Re2 Rb4 34. Rc2 Kg7 35. g4 Ne7 36. Ne1 Ng6 37. Nd3 Rb8 38. Re2 Rf8+ 39. Kg3 Rf7 40. b3 a3 41. Re1 Nh4 42. Re3 Rf1 43. Ne1 Ng6 44. Kg2 Rf7 45. Nc2 Ne5 46. Nxa3 Rf4 47. Nb5 Rf7 48. Nc3 Rf8 49. Nb5 Rf7 50. a4 Rd7 51. a5 c6 52. dxc6 Nxc6 53. a6 Kf7 54. Re2 Kf8 55. Re1 Kf7 56. Ra1 Na7 57. Rd1 Ke7 58. Re1+ Kf7 59. Rf1+ Ke7 60. Nc3 Nc6 61. Nd5+ Ke6 62. Rf8 Ra7 63. Rh8 Rxa6 64. Nc7+ 1-0

[Event "FIDE World Blitz-ch Women 2018"]
[Site "St. Petersburg"]
[Date "2018.12.29"]
[Round "3.21"]
[White "Vasilevich, Irina"]
[Black "Danielian, Elina"]
[Result "0-1"]
[WhiteElo "2258"]
[BlackElo "2427"]
[Annotator "NA"]
[PlyCount "80"]
[EventDate "2018.12.19"]
[EventType "swiss"]
[EventCountry "RUS"]
[SourceTitle "playchess.com"]
[Source "ChessBase"]
[SourceQuality "1"]

1. c4 e6 2. Nc3 b6 3. e4 Bb7 4. d3 g6 5. Nge2 Bg7 6. g3 Ne7 7. Bg2 O-O 8. O-O d6 9. Be3 h6 10. Qd2 Kh7 11. f4 c5 12. f5 exf5 13. exf5 Bxg2 14. fxg6+ fxg6 15. Kxg2 Nbc6 16. Rxf8 Qxf8 17. Nf4 Nf5 18. Re1 Re8 19. Ne4 Ne5 20. Bg1 Qf7 21. Rf1 Nxc4 22. dxc4 Rxe4 23. Qd3 Qxc4 24. Qxc4 Rxc4 25. Ne6 Rc2+ 26. Kh3 Bxb2 27. g4 Rc3+ 28. Kg2 Nh4+ 29. Kh1 Rf3 30. Rd1 Be5 31. Nd8 Ra3 32. Nc6 Nf3 33. Nxe5 dxe5 34. Rd7+ Kg8 35. Rd8+ Kf7 36. Rd7+ Ke6 37. Rg7 Kf6 38. Rd7 Rxa2 39. Be3 e4 40. Bxh6 Rxh2# 0-1

[Event "FIDE World Blitz-ch Women 2018"]
[Site "St. Petersburg"]
[Date "2018.12.29"]
[Round "3.22"]
[White "Khademalsharieh, Sarasadat"]
[Black "Lysenko, Margarita"]
[Result "1-0"]
[WhiteElo "2470"]
[BlackElo "2190"]
[Annotator "ChessBase"]
[PlyCount "77"]
[EventDate "2018.12.19"]
[EventType "swiss"]
[EventCountry "RUS"]
[SourceTitle "playchess.com"]
[Source "ChessBase"]
[SourceQuality "1"]

1. d4 Nf6 2. c4 g6 3. g3 Bg7 4. Bg2 O-O 5. Nc3 c6 6. e4 d6 7. Nf3 Qc7 8. O-O e5 9. h3 Nbd7 10. Be3 Re8 11. Qc2 Nf8 12. Rac1 N6d7 13. b4 Ne6 14. Rfd1 exd4 15. Nxd4 Ne5 16. Qe2 Qe7 17. Nb3 Nc7 18. c5 d5 19. exd5 Nxd5 20. Nxd5 cxd5 21. Rxd5 Be6 22. Rdd1 Rad8 23. Na5 Bc8 24. c6 bxc6 25. Rxd8 Qxd8 26. Nxc6 Nxc6 27. Bxc6 Re6 28. b5 Rd6 29. Bf4 Rd3 30. Bc7 Qd4 31. Qe8+ Bf8 32. Qxc8 Rd2 33. Rf1 Kg7 34. Qe8 f6 35. Bf4 Rxa2 36. Be3 Qd3 37. Bh6+ Kxh6 38. Qxf8+ Kh5 39. Qxf6 1-0

[Event "FIDE World Blitz-ch Women 2018"]
[Site "St. Petersburg"]
[Date "2018.12.29"]
[Round "3.23"]
[White "Tokhirjonova, Gulrukhbegim"]
[Black "Abdumalik, Zhansaya"]
[Result "0-1"]
[WhiteElo "2444"]
[BlackElo "2470"]
[Annotator "ChessBase"]
[PlyCount "88"]
[EventDate "2018.12.19"]
[EventType "swiss"]
[EventCountry "RUS"]
[SourceTitle "playchess.com"]
[Source "ChessBase"]
[SourceQuality "1"]

1. e4 c5 2. Nf3 e6 3. d4 cxd4 4. Nxd4 a6 5. c4 Nf6 6. Nc3 Qc7 7. Be3 b6 8. Be2 Bb7 9. f3 d6 10. O-O Nbd7 11. Qd2 Be7 12. Rfd1 O-O 13. Rac1 Rac8 14. b3 Rfe8 15. Kh1 h5 16. Bf1 Qb8 17. Qf2 Bd8 18. Qg3 Bc7 19. Bh6 g6 20. Qh4 Kh7 21. Bg5 Kg7 22. Nde2 Nh7 23. Be3 Ne5 24. Bd4 Kg8 25. Qg3 Nc6 26. Be3 d5 27. f4 dxe4 28. Nxe4 Ne7 29. Ng5 Nf5 30. Qf2 Nxg5 31. fxg5 Nxe3 32. Qxe3 Bxh2 33. Rd7 Bc6 34. Rd4 Be5 35. Rh4 Rcd8 36. Re1 Bg7 37. Nf4 e5 38. Nxh5 gxh5 39. Rxh5 e4 40. Qh3 Qf4 41. Be2 Qf2 42. Rf1 Qxe2 43. Rf5 Rd1+ 44. Kh2 Bd7 0-1